Responses for show #6552 - Tuesday, February 26, 2013

2013 Tournament of Champions final game 2.

Contestants

[<< previous game]

Keith Whitener, a research chemist originally from Charlotte, North Carolina (subtotal of $4,800)

Kristin Morgan, a strategic analyst for NASA from Huntsville, Alabama (subtotal of $400)

Colby Burnett, a high school world history teacher from Chicago, Illinois (subtotal of $22,200)

[next game >>]

Jeopardy! Round responses

THAT 1870s SHOW
HOLIDAY FUN
BEASTLY EXPRESSIONS
TV DRAMAS
FACTS & FIGURES
THE DARK NIGHT RISES
    $200 1
Ibsen

Kristin
    $200 25
a candy cane

Keith
    $200 7
clam

Keith
    $200 12
House

Kristin
    $200 2
Chihuahua

Keith
    $200 17
Aquarius

Keith
    $400 27
Welsh

Kristin
    $400 21
April Fools' Day

Kristin
    $400 8
duck

Keith
    $400 13
The X-Files

Kristin
    $400 3
chickenpox

Keith
    $400 18
the I(nternational) S(pace) S(tation)

Keith
    $600 28
Gilbert and Sullivan

Colby
    $600 22
Home for the Holidays

Triple Stumper
    $600 9
mouse

Keith
    $600 14
Breaking Bad

Colby
    $600 4
Luxembourg

Keith
    $600 19
a supernova

Keith
    $800 29
(Jules) Verne

Colby
    $800 23
a plow

Kristin
    $800 10
(Kristin: What are foxes?)

hounds

KristinKeith
    $800 15
Spenser for Hire (or Vegas)

Kristin
    $800 5
Wharton

Kristin
    $800 20
the Leonids

Colby
    $1000 30
Bayreuth

Triple Stumper
    $1000 24
[Laughter]

May the Fourth

Colby
    $1000 11
swine

Kristin
    $1000 16
Picket Fences

Kristin
    $1000 6
(Colby: What's Cambridge?)

York

Colby
Triple Stumper
    $1000 26
a binary

Keith

Scores at the first commercial break (after clue 15):

Colby Kristin Keith
-$400 $2,600 $3,200

Scores at the end of the Jeopardy! Round:

Colby Kristin Keith
$2,800 $5,200 $5,600

Double Jeopardy! Round responses

UNREAL ESTATE
THE HEALTH BUSINESS
CATHEDRALS
ATHLETES' FILM QUOTES
(Alex: You have to name the athlete who spoke each line in a movie.)
MAYORS OF NYC
ABBREV. BACKWARDS & FORWARDS
(Alex: For instance, if it was "What is AL and LA?")
    $400 15
Lilliput

Colby
    $400 3
DENTIST

Triple Stumper
    $400 2
Notre Dame

Keith
    $400 8
Kareem Abdul-Jabbar

Colby
    $400 12
the Netherlands

Kristin
    $400 22
VW and WV

Kristin
    $800 16
Oz

Colby
    $800 27
Permanente

Colby
    $800 4
(Kristin: What is St. Paul's?)

St. Patrick's

ColbyKristin
    $800 9
Mike Tyson

Kristin
    $800 11
Roman Catholicism

Colby
    $800 23
an AP PA

Colby
    $1200 17
Treasure Island

Kristin
    $1200 28
(Colby: What are needle guns?)
(Kristin: What is a plunger?)

a pen

ColbyKristin
Triple Stumper
    $1200 13
St. Paul's

Colby
    $1200 1
Brett Favre

Kristin
    $1200 5
the subway

Keith
    $1200 24
a JD DJ

Keith
    $2,400 20
(Colby: What is Absalom, Absalom?)

A Streetcar Named Desire

Colby
    $1600 29
Pfizer

Triple Stumper
    $6,000 18
St. Basil

Kristin
    $1600 7
(Alex) Karras

Colby
    $1600 6
(DeWitt) Clinton

Colby
    $1600 25
(Alex: What is [*]? For myocardial infarction.)

IM MI

Triple Stumper
    $2000 21
The Ox-Bow Incident

Triple Stumper
    $2000 30
Wellpoint

Triple Stumper
    $2000 19
Sevilla (Seville)

Colby
    $2000 10
(Jim) Brown

Colby
    $2000 14
draft riots

Colby
    $2000 26
e.g., GE

Kristin

Scores at the end of the Double Jeopardy! Round:

Colby Kristin Keith
$14,400 $15,200 $8,400
(lock tournament)

[wagering suggestions for these scores]

Final Jeopardy! Round responses

19th CENTURY AMERICA
(Alex: [To Keith] That was the year Garfield died; Hayes and Arthur were the other two presidents who served also.)
...
(Alex: [To Colby] That was Van Buren, Harrison, who died after catching cold, and Tyler was the other president.)
KeithWhat is 1881?
$8,400
ColbyWhat is 1841?
$0
KristinWhat is 1824?
$6,001
(1 of) 1841 or 1881

Final scores:

Colby Kristin Keith
$14,400 $9,199 $16,800

Cumulative scores:

Colby Kristin Keith
$36,600 $9,599 $21,600
Tournament champion: $250,000 2nd runner-up: $50,000 1st runner-up: $100,000

Game dynamics:

Coryat scores:

Colby Kristin Keith
$16,800 $10,800 $8,400
18 R
(including 1 DD),
3 W
(including 1 DD)
17 R
(including 1 DD),
3 W
15 R,
0 W

Combined Coryat: $36,000

The J! Archive is created by fans, for fans. The Jeopardy! game show and all elements thereof, including but not limited to copyright and trademark thereto, are the property of Jeopardy Productions, Inc. and are protected under law. This website is not affiliated with, sponsored by, or operated by Jeopardy Productions, Inc. Join the discussion at JBoard.tv.